000 01695cam a22003491i 4500
003 SA-RiAUC
005 20250921130036.0
008 250810s1986 jo a g b f00100 ara c
040 _aSA-RiAUC
_bara
_cSA-RiAUC
_erda
050 4 _b.A69 1986
082 0 4 _a257.1
_qSA-RiAUC
090 _a257.1
_b ا ف ح
100 1 _aالأقحصاري، حسن بن طورخان بن داود،
_d951-1025 هجري
_eمؤلف.
245 1 0 _aأصول الحكم في نظام العالم =
_bUsūl al-Hikam fī nizām al-ʻālam /
_cتأليف حسن كافي الأقحصاري ؛ تحقيق نوفان رجا الحمود.
246 3 1 _aUsūl al-Hikam fī nizām al-ʻālam
250 _aالطبعة الأولى.
264 1 _aعمان، الأردن :
_bالجامعة الأردنية،
_c1986
300 _a53 صفحة :
_bإيضاحيات ؛
_c24 سم.
336 _aنص
_btxt
_2rdacontent
_3كتاب
337 _aبدون وسيط
_bn
_2rdamedia
338 _aمجلد
_bnc
_2rdacarrier
490 0 _aمنشورات الجامعة الأردنية
500 _aيشتمل على كشافات.
504 _aيشتمل على إرجاعات ببليوجرافية.
650 7 _aنظم الحكم في الإسلام
_2aucsh
650 7 _aالإسلام
_xجوانب سياسية
_2aucsh
650 7 _aالنظام السياسي في الإسلام
_2aucsh
700 1 2 _iتحقيق لـ (عمل) :
_aالأقحصاري، حسن بن طورخان بن داود،
_d951-1025 هجري
_tأصول الحكم في نظام العالم
700 1 _aالسوارية، نوفان رجا الحمود
_eمحقق.
942 _2ddc
_cBOOK
_n0
949 _aSA-JeALM
_d250810
_umohamedma123
_n1
999 _c11949
_d11949